Eclectic Word Chain - Statistics

General Stats
  • This quiz has been taken 16 times
  • The average score is 9 of 20
Answer Stats
Hint Answer % Correct
Small fish used on pizza Anchovy
92%
Internet video hosting site Youtube
77%
Relating to water Aquatic
62%
Act of sterilizing a male animal Neuter
62%
Non aerodynamic insect according to urban legend (two words) Bumble bee
54%
Egg laying mammal Echidna
54%
Red stalked plant, word sometimes repeated by actors to create crowd noise Rhubarb
54%
Hard covering which protects mainly invertebrates Exoskeleton
46%
Grumpy, as one of the Marx's Grouchy
46%
Simple country person Yokel
46%
Stabbing with a blade Knifing
38%
Prehistoric giant shark Megalodon
38%
Coin collector Numismatist
38%
Historic title of female ruler of Russia Tsarina
38%
Thou tree, you homophone Yew
38%
Behind a boat or after a death Wake
31%
Whorled section of hair over the forehead Cowlick
23%
Mild word/terms used instead of harsh or obscene language Euphemism
23%
Dianetics Scientology
15%
Word meaning "opposite points on the earth" Antipodes
8%
No matching quizzes found
Score Distribution
Percent of People with Each Score
Percentile by Number Answered
Your Score History
You have not taken this quiz